| 000 | 00628 a2200205 4500 | ||
|---|---|---|---|
| 001 | 130690 | ||
| 020 | _a85-02-02041-2 | ||
| 040 | _cLeonardo Da Vinci | ||
| 041 | _aPortuguês | ||
| 082 |
_a344.0102 A444c _bA444c |
||
| 100 | _aALMEIDA, Amador Paes de | ||
| 245 | _aCurso prático de processo do trabalho | ||
| 250 | _a11.ed | ||
| 260 |
_bSaraiva _c1999 _aSão Paulo |
||
| 300 | _a449 | ||
| 362 | _a19990000 | ||
| 500 | _aEdição revista, atualizada e ampliada | ||
| 697 |
_aDireito _aDireito do trabalho _aLegislação _aLeis _aJustiça do trabalho _aDireito processual _aProcesso trabalhista _aBrasil _aFIPEN |
||
| 942 | _cBK | ||
| 999 |
_c130690 _d130690 |
||